000 00595nam a22002297a 4500
003 UA-OsUOA
001 92658
007 ta
008 20121221b un ||||| |||| 00| 0 ukr d
100 _aБрегг М.
090 _a821.111
_bБ87
942 _cBK
040 _aUA-OsUOA
_brus
_cUA-OsUOA
_dUA-OsUOA
245 _aЗа городской стеной
_bроман
300 _a383 с.
955 _a3
041 _arus
080 _a821.111
260 _aМ.
_bПрогресс
_c1975
650 7 _a82 Література. Літературознавство
_2UDC
999 _c378945
_d378945